000 00580nam a2200193 i 4500
001 61985
003 ES-MaACL
005 20251127063336.0
007 t|
008 031117s1970 sp ||||1| spa d
100 1 _aFallaci, Oriana,
_d1929-2006
_9242535
245 1 0 _aNada y así sea /
_cOriana Fallaci , [traducción Fernando Gutiérrez].
250 _a[1ª ed.].
260 _aBarcelona :
_bNoguer,
_c[1970]
300 _a323 p. ;
_c22 cm.
700 1 _aGutiérrez, Fernando,
_d1911-1984
_9156260
852 _aES-MaACL
_jC-38629
_bR.73630
999 _c61985
_d61985